|
000
|
00860nam 2200265 45
|
|
001
|
CAL 0120055100605
|
|
005
|
20060626100539.09
|
|
010
|
|
@a7-80094-932-X@dCNY54.00 (全3册)
|
|
092
|
|
@aCN@b150627
|
|
100
|
|
@a20051006d2004 ekmy0chiy0121 ea
|
|
101
|
0
|
@achi
|
|
102
|
|
@aCN@b110000
|
|
105
|
|
@ay z 000cy
|
|
200
|
1
|
@a谈亲情@Atan qin qing@h中@f邓九平主编
|
|
205
|
|
@a第2版
|
|
210
|
|
@a北京@c大众文艺出版社@d2004
|
|
215
|
|
@a271-538页@d21cm
|
|
225
|
2
|
@a中国文化名人书系@Azhong guo wen hua ming ren shu xi
|
|
330
|
|
@a本书共分上下两卷。汇集了众多当代文化名人谈论亲情的文章。字里行间流露出对亲人的真情实感,感人肺腑,令人深思。
|
|
410
|
0
|
@12001 @a中国文化名人书系
|
|
606
|
0
|
@a散文@Asan wen@y中国@z现代@j选集
|
|
690
|
|
@aI266@v4
|
|
701
|
0
|
@a邓九平@Adeng jiu ping@4主编
|
|
801
|
0
|
@aCN@bLZJBOOK@c20060626
|
|
905
|
|
@a10447@dI266@e34
|
|
|
|
|
| |
| 谈亲情.中/邓九平主编.-第2版.-北京:大众文艺出版社,2004 |
| 271-538页;21cm.-(中国文化名人书系) |
| |
| |
| ISBN 7-80094-932-X:CNY54.00 (全3册) |
| 本书共分上下两卷。汇集了众多当代文化名人谈论亲情的文章。字里行间流露出对亲人的真情实感,感人肺腑,令人深思。 |
| ● |
正题名:谈亲情
索取号:I266/34
 
预约/预借
| 序号
|
登录号
|
条形码
|
馆藏地/架位号
|
状态
|
备注
|
|
1
|
148153
|
200148153
|
柳城-3楼/32架5列2层/
[索取号:I266/34]
|
在馆
|
|
|
2
|
148154
|
200148154
|
柳城-3楼/32架5列2层/
[索取号:I266/34]
|
在馆
|
|
|
3
|
148155
|
200148155
|
海科密-1楼/35架14列7层/
[索取号:I266/34]
|
在馆
|
|
|
4
|
148156
|
200148156
|
柳城-3楼/32架5列2层/
[索取号:I266/34]
|
在馆
|
|
|
5
|
148157
|
200148157
|
海科密-1楼/33架3列1层/
[索取号:I266/34]
|
在馆
|
|